书目信息 |
| 题名: |
中国最美的地方精华特辑
|
|
| 作者: | ;图说天下国家地理系列编委会 编著 | |
| 分册: | 游遍四川 | |
| 出版信息: | 北京 北京联合出版公司 2013 |
|
| 页数: | 221页 | |
| 开本: | 24cm | |
| 丛书名: | 图说天下·国家地理系列 | |
| 单 册: | ||
| 中图分类: | K928.9 , K928.971 | |
| 科图分类: | ||
| 主题词: | 旅游指南--中国 , 旅游指南--四川 | |
| 电子资源: | ||
| ISBN: | 978-7-5502-1027-1 | |
| 000 | 01015nam0 2200277 450 | |
| 001 | 337873 | |
| 005 | 20150601085037.39 | |
| 010 | @a978-7-5502-1027-1@dCNY19.90 | |
| 100 | @a20130201d2013 em y0chiy50 ea | |
| 101 | 0 | @achi |
| 102 | @aCN@b110000 | |
| 105 | @aa z 000yy | |
| 106 | @ar | |
| 200 | 1 | @a中国最美的地方精华特辑@Azhong guo zui mei de di fang jing hua te ji@i游遍四川@f《图说天下·国家地理系列》编委会编著 |
| 210 | @a北京@c北京联合出版公司@d2013 | |
| 215 | @a221页@c彩图@d24cm | |
| 225 | 2 | @a图说天下·国家地理系列 |
| 330 | @a本书主要内容包括行者无疆: 云游天府33处绝色风景, 文化苦旅: 穿梭巴蜀山水26处文化胜迹, 乐而思蜀: 体味18种西南风情, 特别馈赠: 不可错过的8站重庆之旅。 | |
| 410 | 0 | @12001 @a图说天下·国家地理系列 |
| 606 | 0 | @a旅游指南@y中国 |
| 606 | 0 | @a旅游指南@y四川 |
| 690 | @aK928.9@v5 | |
| 690 | @aK928.971@v5 | |
| 711 | 02 | @a图说天下国家地理系列编委会@Atu shuo tian xia guo jia di li xi lie bian wei hui@4编著 |
| 801 | 0 | @aCN@b卓展宏图@c20150525 |
| 905 | @dK928.9@e791@f4 | |
| 中国最美的地方精华特辑.游遍四川/《图说天下·国家地理系列》编委会编著.-北京:北京联合出版公司,2013 |
| 221页:彩图;24cm.-(图说天下·国家地理系列) |
| ISBN 978-7-5502-1027-1:CNY19.90 |
| 本书主要内容包括行者无疆: 云游天府33处绝色风景, 文化苦旅: 穿梭巴蜀山水26处文化胜迹, 乐而思蜀: 体味18种西南风情, 特别馈赠: 不可错过的8站重庆之旅。 |
| ● |
| 相关链接 |
|
|
|
|
正题名:中国最美的地方精华特辑
索取号:K928.9/791
 
预约/预借
| 序号 | 登录号 | 条形码 | 馆藏地/架位号 | 状态 | 备注 |
| 1 | 856512 | 208565122 | 第二样本阅览室/ [索取号:K928.9/791] | 在馆 | |
| 2 | 856513 | 208565131 | 第二借阅区/ [索取号:K928.9/791] | 在馆 | |
| 3 | 856514 | 208565140 | 密集书库-资源管理系/ [索取号:K928.9/791] | 在馆 | |
| 4 | 856515 | 208565159 | 第二借阅区/ [索取号:K928.9/791] | 在馆 |